A treatise on the diseases of horses : in which the various causes and symptoms are plainly and accurately delineated, and a method of cure recommended, conformable to practical observations and experience. To the work is subjoined an appendix, containing a variety of efficacious and useful prescriptions, dedicated, by permission, to His Royal Highness The Prince of Wales /

Niall Kenny description: Exceedingly rare; only other recorded copy in RVC; the errata is actually a small slip pasted onto page ii.

Bibliographic Details
Main Author: Denny, John
Format: Book
Language:English
Subjects:

MARC

Tag First Indicator Second Indicator Subfields
LEADER 00000cam a2200000Ia 4500
001 in00004517521
005 20160229155308.0
008 120801s1802 enk 000 0 eng d
035 |a (OCoLC)ocn904406699 
035 |a (OCoLC)904406699 
035 |a 80461 
040 |a TMV  |c TMV  |d UtOrBLW 
049 |a TMVM 
060 4 |a SF 951  |b D412t 1802 
100 1 |a Denny, John. 
245 1 2 |a A treatise on the diseases of horses :  |b in which the various causes and symptoms are plainly and accurately delineated, and a method of cure recommended, conformable to practical observations and experience. To the work is subjoined an appendix, containing a variety of efficacious and useful prescriptions, dedicated, by permission, to His Royal Highness The Prince of Wales /  |c by John Denny, surgeon: veterinary surgeon to His Majesty's ten[t]h or Prince of Wales's own regiment of light dragoons. 
264 3 |a London :  |b printed for the author, and sold by Johnson, St. Pauls' Church-yard; Robinsons, Paternoster-Row; Nicol, Pall-Mall; Egerton, Whitehall; and Carpenters, Old Bond-Street,  |c 1802. 
300 |a xii, 151 pages, 1 unnumbered pages ;  |c 19 cm 
336 |a text  |b txt  |2 rdacontent 
337 |a unmediated  |b n  |2 rdamedia 
338 |a volume  |b nc  |2 rdacarrier 
500 |a Erratum slip pasted on title page verso. 
500 |a Printer's imprint: "S. Hamilton, Printer, Falcon-Court, Fleet-Street." 
500 |a Signatures: pi² a⁴ B-K⁸ L⁴ 
520 |a Niall Kenny description: Exceedingly rare; only other recorded copy in RVC; the errata is actually a small slip pasted onto page ii. 
561 |a Niall Kenny (sold to TMV).  |5 TMV 
650 0 |a Horses  |x Diseases. 
650 0 |a Horses. 
650 2 |a Horse Diseases. 
650 2 |a Horses. 
999 f f |s 6108c293-baaa-3eec-8905-5f5b959ed8c7  |i b296da16-9fd4-398d-8ec8-7a31b64ed14a  |t 0 
952 f f |p noncirc  |a Texas A&M University  |b College Station  |c Medical Sciences Library  |d MSL: Special Collections  |t 0  |e SF 951 D412t 1802  |h National Library of Medicine classification  |i unmediated -- volume  |m 3238902229063 
998 f f |a SF 951 D412t 1802  |t 0  |l MSL: Special Collections